| 000 | 00524nam a2200169 4500 | ||
|---|---|---|---|
| 001 | 120054 | ||
| 003 | ES-MaACL | ||
| 005 | 20231216062909.0 | ||
| 007 | t| | ||
| 008 | 070214s1972 sp r ||||1| spa d | ||
| 100 | 1 |
_aPérez de Tudela, César, _d1940- _990808 |
|
| 245 | 1 | 0 |
_aS.O.S. en el Naranjo de Bulnes / _cCésar Pérez de Tudela. |
| 260 |
_aMadrid : _bPublicaciones Controladas, _c1972. |
||
| 300 |
_a182 p., 4 lám. : _bil. ; _c19 cm. |
||
| 852 |
_aES-MaACL _jC-49321 _bR.84797 |
||
| 999 |
_c120054 _d120054 |
||